MARC details
| 000 -LEADER |
| fixed length control field |
01959cam a22004093a 4500 |
| 001 - CONTROL NUMBER |
| control field |
12933 |
| 003 - CONTROL NUMBER IDENTIFIER |
| control field |
PGUSA |
| 005 - DATE AND TIME OF LATEST TRANSACTION |
| control field |
20140828083259.0 |
| 008 - FIXED-LENGTH DATA ELEMENTS--GENERAL INFORMATION |
| fixed length control field |
040718s2004||||xxu|||||s|||||000 | eng d |
| 040 ## - CATALOGING SOURCE |
| Original cataloging agency |
PGUSA |
| Language of cataloging |
eng |
| 042 ## - AUTHENTICATION CODE |
| Authentication code |
dc |
| 050 #4 - LIBRARY OF CONGRESS CALL NUMBER |
| Classification number |
CT |
| 100 1# - MAIN ENTRY--PERSONAL NAME |
| Personal name |
Hubbard, Elbert, |
| Dates associated with a name |
1856-1915 |
| 245 10 - TITLE STATEMENT |
| Title |
Little Journeys to the Homes of the Great - Volume 01 : |
| Remainder of title |
Little Journeys to the Homes of Good Men and Great |
| Medium |
[electronic resource] / |
| Statement of responsibility, etc |
Elbert Hubbard |
| 260 ## - PUBLICATION, DISTRIBUTION, ETC. (IMPRINT) |
| Name of publisher, distributor, etc |
Project Gutenberg, |
| Date of publication, distribution, etc |
2004 |
| 505 0# - FORMATTED CONTENTS NOTE |
| Formatted contents note |
Autobiographical -- George Eliot -- Thomas Carlyle -- John Ruskin -- William E. Gladstone -- J.M.W. Turner -- Jonathan Swift -- Walt Whitman -- Victor Hugo -- Wm. Wordsworth -- William M. Thackeray -- Charles Dickens -- Oliver Goldsmith -- William Shakespeare -- Thomas A. Edison. |
| 506 ## - RESTRICTIONS ON ACCESS NOTE |
| Terms governing access |
Public domain in the USA. |
| 516 ## - TYPE OF COMPUTER FILE OR DATA NOTE |
| Type of computer file or data note |
Electronic text |
| 653 ## - INDEX TERM--UNCONTROLLED |
| Uncontrolled term |
Swift, Jonathan, 1667-1745 -- Homes and haunts |
| 653 ## - INDEX TERM--UNCONTROLLED |
| Uncontrolled term |
Gladstone, W. E. (William Ewart), 1809-1898 -- Homes and haunts |
| 653 ## - INDEX TERM--UNCONTROLLED |
| Uncontrolled term |
Dickens, Charles, 1812-1870 -- Homes and haunts |
| 653 ## - INDEX TERM--UNCONTROLLED |
| Uncontrolled term |
Shakespeare, William, 1564-1616 -- Homes and haunts |
| 653 ## - INDEX TERM--UNCONTROLLED |
| Uncontrolled term |
Turner, J. M. W. (Joseph Mallord William), 1775-1851 -- Homes and haunts |
| 653 ## - INDEX TERM--UNCONTROLLED |
| Uncontrolled term |
Thackeray, William Makepeace, 1811-1863 -- Homes and haunts |
| 653 ## - INDEX TERM--UNCONTROLLED |
| Uncontrolled term |
Wordsworth, William, 1770-1850 -- Homes and haunts |
| 653 ## - INDEX TERM--UNCONTROLLED |
| Uncontrolled term |
Eliot, George, 1819-1880 -- Homes and haunts |
| 653 ## - INDEX TERM--UNCONTROLLED |
| Uncontrolled term |
Carlyle, Thomas, 1795-1881 -- Homes and haunts |
| 653 ## - INDEX TERM--UNCONTROLLED |
| Uncontrolled term |
Goldsmith, Oliver, 1730?-1774 -- Homes and haunts |
| 653 ## - INDEX TERM--UNCONTROLLED |
| Uncontrolled term |
Whitman, Walt, 1819-1892 -- Homes and haunts |
| 653 ## - INDEX TERM--UNCONTROLLED |
| Uncontrolled term |
Hugo, Victor, 1802-1885 -- Homes and haunts |
| 653 ## - INDEX TERM--UNCONTROLLED |
| Uncontrolled term |
Ruskin, John, 1819-1900 -- Homes and haunts |
| 653 ## - INDEX TERM--UNCONTROLLED |
| Uncontrolled term |
Edison, Thomas A. (Thomas Alva), 1847-1931 -- Homes and haunts |
| 700 1# - ADDED ENTRY--PERSONAL NAME |
| Personal name |
Bann, Fred |
| 830 #0 - SERIES ADDED ENTRY--UNIFORM TITLE |
| Uniform title |
Project Gutenberg |
| Volume number/sequential designation |
12933 |
| 856 40 - ELECTRONIC LOCATION AND ACCESS |
| Uniform Resource Identifier |
<a href="http://www.gutenberg.org/ebooks/12933">http://www.gutenberg.org/ebooks/12933</a> |
| 942 ## - ADDED ENTRY ELEMENTS (KOHA) |
| Koha item type |
eBooks |